DC Superhero Names from identities Quiz Stats

 Plays Quiz not verified by Sporcle

Score 0/71 Timer 15:00
0 Plays Today
Identity Superhero Name % Correct
Clark KentSuperman
99.4%
Bruce WayneBatman
99.1%
Diana PrinceWonder Woman
97%
Barry AllenFlash
91.3%
Hal JordanGreen Lantern
90.3%
Oliver QueenGreen Arrow
82%
Arthur CurryAquaman
74.7%
Kara Zor-ElSupergirl
73.2%
Jay GarrickFlash
72.1%
John JonesMartian Manhunter
71.9%
Shiera HallHawkgirl
71.5%
Carter HallHawkman
71.4%
Dinah LanceBlack Canary
71.3%
Billy BatsonCaptain Marvel
70%
Conner KentSuperboy
69.9%
Tim DrakeRed Robin
68.2%
Alan ScottGreen Lantern
67%
John StewartGreen Lantern
64.6%
Bart AllenKid Flash
63.3%
Ray PalmerAtom
62.9%
Guy GardnerGreen Lantern
62.6%
NIghtwingNIghtwing
60.9%
Roy HarperArsenal
60.7%
Kyle RaynerGreen Lantern
58.7%
Victor StoneCyborg
58.1%
Jaime ReyesBlue Beetle
51%
Hank HallHawk
50.1%
Kent NelsonDr Fate
48.1%
Ronnie RaymondFirestorm
48.1%
Gar LoganBeast Boy
46.6%
Ted GrantWildcat
45.6%
Koriand'rStarfire
44.6%
Ralph DibnyElongated Man
41.1%
Boston BrandDeadman
40.8%
Eel O'BrienPlastic Man
39.6%
Dawn GrangerDove
39.3%
Identity Superhero Name % Correct
Courtney WhitmoreStargirl
36.7%
Rex MasonMetamorpho
35.8%
Virgil HawkinsStatic
35.6%
Michael Jon CarterBooster Gold
35.5%
Beatriz da CostaFire
35.4%
Rachel RothRaven
35.2%
Tora OlafsdotterIce
34.5%
Karen StarrPower Girl
33.6%
Cassandra SandsmarkWonder Girl
33.6%
Nathaniel AdamCaptain Atom
33%
Tatsu YamashiroKatana
31.3%
Jack RyderCreeper
30.3%
Mari McCabeVixen
30.1%
Buddy BakerAnimal Man
29.7%
Jefferson PierceBlack Lightning
29.6%
Jesse ChambersJesse Quick
29.4%
Rose WIlsonRavager
28.8%
Freddy FreemanCaptain Marvel Jr.
28.5%
John SmithRed Tornado
28%
Crispus AllenSpectre
26.7%
Garth RanzzLightning Lad
25.6%
Mia DeardenSpeedy
25.6%
Albert RothsteinAtom Smasher
25.2%
Imra ArdeenSaturn Girl
24.5%
Michael HoltMr. Terrific
24.5%
Brion MarkovGeo-Force
23.6%
Joseph WilsonJericho
23.3%
Cliff SteeleRobotman
22.3%
Rokk KrinCosmic Boy
21.9%
Rick TylerHourman
20.8%
William 'Congo Bill' GlenmorganCongorilla
20%
Rita FarrElasti-Girl
20%
Larry TrainorNegative Man
17.9%
Jakeem WilliamsJakeem Thunder
15.1%
Amon TomazOsiris
12.5%

You're not logged in!

Compare scores with friends on all Sporcle quizzes.
OR
Log In

Show Comments

Extras

Created Oct 25, 2010ReportNominate
Tags:Superhero Quiz, identity

Top Quizzes Today


Score Distribution

Your Account Isn't Verified!

In order to create a playlist on Sporcle, you need to verify the email address you used during registration. Go to your Sporcle Settings to finish the process.

Report this User

Report this user for behavior that violates our Community Guidelines.

Details: